Geography Quiz

Random Geography or World Quiz

World Population 2050 Quiz Stats

 Plays Quiz Updated Jan 17, 2018

Score 0/30 Timer 06:00
3 Plays Today
Rank Country (2010 Ranking) % Correct
2China (1)
99.7%
3United States (3)
99.3%
1India (2)
97.5%
14Russia (9)
94.1%
8Brazil (5)
92.8%
11Mexico (11)
91.8%
26France (21)
90.9%
21Germany (15)
90.5%
17Japan (10)
89.7%
22United Kingdom (22)
88.7%
28Italy (23)
79.9%
13Egypt (16)
76%
5Indonesia (4)
75.4%
19Iran (19)
75.2%
6Pakistan (6)
74.2%
Rank Country (2010 Ranking) % Correct
4Nigeria (8)
65.8%
18Turkey (17)
64%
16Vietnam (13)
61.4%
25Thailand (20)
59.7%
7Bangladesh (7)
56.1%
29Sudan (31)
52%
9Ethiopia (14)
51.5%
23Kenya (33)
50.3%
12Democratic Republic of the Congo (18)
49.6%
10Philippines (12)
48.1%
24Myanmar (24)
47.7%
27Afghanistan (38)
47.5%
30Colombia (28)
46.8%
15Tanzania (30)
30.7%
20Uganda (37)
26.7%

You're not logged in!

Compare scores with friends on all Sporcle quizzes.
OR
Log In

Sporcle TV

Today on Sporcle TV


Watch our educational content, quiz creation guides, and fun videos on Sporcle TV.

Show Comments

Extras

Top Quizzes Today


Score Distribution

Your Account Isn't Verified!

In order to create a playlist on Sporcle, you need to verify the email address you used during registration. Go to your Sporcle Settings to finish the process.

Report this User

Report this user for behavior that violates our Community Guidelines.

Details: